| 000 | 00621nam a2200253Ia 4500 | ||
|---|---|---|---|
| 005 | 20250425160643.0 | ||
| 008 | 250425s9999 xx 000 0 und d | ||
| 020 | _a9686034293 | ||
| 041 | _aspa | ||
| 082 | _a532 | ||
| 100 | _aMATAIX, CLAUDIO | ||
| 245 | 0 | _aMECANICA DE FLUIDOS Y MAQUINAS HIDRAULICAS | |
| 250 | _a2A ED. | ||
| 260 | _aMEXICO | ||
| 260 |
_aMéxico _bHARLA _c1982 |
||
| 300 | _a660 | ||
| 500 | _aCONSULTAR inv. D-24251 EN BIBTEC | ||
| 650 | _aHIDRODINAMICA | ||
| 650 | _aHIDROSTATICA | ||
| 650 | _aMAQUINAS HIDRAULICAS | ||
| 650 | _aMECANICA DE FLUIDOS | ||
| 942 | _c01 | ||
| 010 | _a1371 | ||
| 999 |
_c193459 _d193459 |
||